Halloween de A à Z - Statistiques

Statistiques générales
  • Ce quiz a été pris 365 fois
  • Le résultat moyen est 17 sur 26
Statistiques - réponses
Lettre Indice Réponse % Correct
B Complétez cette phrase : Des b{onbons} ou un sort !
100%
A Famille dont le membre le plus connu n'est pas Kev mais Mercredi Addams
99%
C Légume emblématique de cette fête Citrouille
99%
D Vampire de Transylvanie Dracula
94%
G On s'en sert pour éloigner les vampires G{ousse} d'ail
94%
H Genre de films dont fait partie le film "Halloween" Horreur
94%
M Heure à laquelle le carrosse se retransforme en C Minuit
90%
P Émotion qu'on aime avoir à Halloween Peur
89%
F Monstre créé par un docteur, on cherche d'ailleurs le nom de celui-ci Frankenstein
86%
Q Combien Freddy a-t-il de griffes ? Quatre
82%
Z Mort-vivants visibles dans "The Walking Dead" par exemple Zombies
82%
U Nombre de survivants (sans compter le chat) dans le premier Alien Un
75%
O Il mange des enfants au dîner Ogre
70%
L Ils peuvent être associés à Remus Lupin, Thiercelieux ou d'autres histoires terrifiantes Loup-Garou
68%
T Date d'Halloween 31 octobre
62%
K Nom de famille du terrifiant Freddy Krueger
57%
E Personne chargée de chasser les démons avec des rituels Exorciste
53%
I Un fantôme quand on lui enlève son drap Invisible
47%
V Autre date funeste titre d'un film Vendredi 13
44%
J Homme réincarné en C après sa mort Jack-o'-Lantern
42%
X Série qui franchit les limites du paranormal X-Files
39%
Y Sorcière de conte prénommée Baba Yaga
38%
R Jeu vidéo du genre H où l'on affronte des Z à Raccoon City Resident Evil
34%
S Ce que font toujours les gens dans les films d'H (à part crier et mourir) Ils se s{éparent}
19%
W Il a réalisé Scream et les Griffes de la Nuit Wes Craven
11%
N Film de Romero où des Z cherchent à entrer dans une maison La Nuit des Morts-Vivants
10%
Aucun quiz correspondant
Distribution des résultats
% des personnes avec chaque résultat
Percentile par nombre de réponses
Votre historique - résultats
Vous n’avez pas pris ce quiz